High-voltage engineering / (Record no. 182241)
[ view plain ]
| 000 -LEADER | |
|---|---|
| fixed length control field | 01143 a2200277 4500 |
| 003 - CONTROL NUMBER IDENTIFIER | |
| control field | Nust |
| 005 - DATE AND TIME OF LATEST TRANSACTION | |
| control field | 20221018112349.0 |
| 010 ## - LIBRARY OF CONGRESS CONTROL NUMBER | |
| LC control number | 83013340 |
| 020 ## - INTERNATIONAL STANDARD BOOK NUMBER | |
| International Standard Book Number | 008024212X (pbk.) : |
| 020 ## - INTERNATIONAL STANDARD BOOK NUMBER | |
| International Standard Book Number | 0080242138 : |
| 040 ## - CATALOGING SOURCE | |
| Transcribing agency | Nust |
| 082 00 - DEWEY DECIMAL CLASSIFICATION NUMBER | |
| Classification number | 620,RAZ |
| 100 1# - MAIN ENTRY--PERSONAL NAME | |
| Personal name | Razevig D.V |
| 9 (RLIN) | 100580 |
| 245 10 - TITLE STATEMENT | |
| Title | High-voltage engineering / |
| Statement of responsibility, etc. | Prof D.V.Razevig |
| 260 ## - PUBLICATION, DISTRIBUTION, ETC. | |
| Place of publication, distribution, etc. | Delhi |
| Name of publisher, distributor, etc. | Khanna Pub |
| Date of publication, distribution, etc. | 1985 |
| 300 ## - PHYSICAL DESCRIPTION | |
| Extent | vii, 726p. : |
| Other physical details | ill. ; |
| Dimensions | 22 cm. |
| 440 #0 - SERIES STATEMENT/ADDED ENTRY--TITLE | |
| Title | Applied electricity and electronics |
| 9 (RLIN) | 100581 |
| 440 #0 - SERIES STATEMENT/ADDED ENTRY--TITLE | |
| Title | Pergamon international library of science, technology, engineering, and social studies. |
| 9 (RLIN) | 7281 |
| 505 ## - FORMATTED CONTENTS NOTE | |
| Formatted contents note | Insulation in Electrical Power Systems (Page-5), Line and sub Station Insulation (Page-151), Insulation of Transformers, Generators, Cables and Condensers (Page-231), Preventive Testing of Insulation (Page-315), Lighting over Voltages (Page-369), Internal over Voltages (Page-573). |
| 650 #0 - SUBJECT ADDED ENTRY--TOPICAL TERM | |
| Topical term or geographic name entry element | Breakdown (Electricity) |
| 9 (RLIN) | 100582 |
| 650 #0 - SUBJECT ADDED ENTRY--TOPICAL TERM | |
| Topical term or geographic name entry element | Electric insulators and insulation. |
| 9 (RLIN) | 100583 |
| 650 #0 - SUBJECT ADDED ENTRY--TOPICAL TERM | |
| Topical term or geographic name entry element | Electrical engineering. |
| 650 #0 - SUBJECT ADDED ENTRY--TOPICAL TERM | |
| Topical term or geographic name entry element | High voltages. |
| 9 (RLIN) | 100584 |
| 700 1# - ADDED ENTRY--PERSONAL NAME | |
| Personal name | Zaengl, W. S. |
| 9 (RLIN) | 100585 |
| 942 ## - ADDED ENTRY ELEMENTS (KOHA) | |
| Source of classification or shelving scheme | |
| Koha item type | Book |
| Withdrawn status | Lost status | Source of classification or shelving scheme | Damaged status | Not for loan | Permanent Location | Current Location | Shelving location | Date acquired | Full call number | Barcode | Date last seen | Price effective from | Koha item type | Public note | Collection code | Total Checkouts |
|---|---|---|---|---|---|---|---|---|---|---|---|---|---|---|---|---|
| Military College of Signals (MCS) | Military College of Signals (MCS) | General Stacks | 12/12/2016 | 620,RAZ | MCS6536 | 12/08/2016 | 12/12/2016 | Book | Almirah No.26, Shelf No.5 | |||||||
| Military College of Signals (MCS) | Military College of Signals (MCS) | 12/12/2016 | 620 RAZ | MCS6563 | 12/08/2016 | 12/12/2016 | Book |
